Muṣībatʹnāmah / (Record no. 49318)

MARC details
000 -LEADER
fixed length control field 00804cam a22002291a 4500
001 - CONTROL NUMBER
control field ne 67000115
003 - CONTROL NUMBER IDENTIFIER
control field DLC
005 - DATE AND TIME OF LATEST TRANSACTION
control field 20260227111828.0
008 - FIXED-LENGTH DATA ELEMENTS--GENERAL INFORMATION
fixed length control field 850325s1959 ir h 001 0bpero
010 ## - LIBRARY OF CONGRESS CONTROL NUMBER
LC control number ne 67000115
035 ## - SYSTEM CONTROL NUMBER
System control number (OCoLC)21686672
040 ## - CATALOGING SOURCE
Original cataloging agency DLC
Transcribing agency CU
Modifying agency DLC
042 ## - AUTHENTICATION CODE
Authentication code premarc
050 00 - LIBRARY OF CONGRESS CALL NUMBER
Classification number PK6451.F4
Item number M8
100 1# - MAIN ENTRY--PERSONAL NAME
Personal name ʻAṭṭār, Farīd al-Dīn,
Dates associated with a name -approximately 1230.
245 10 - TITLE STATEMENT
Title Muṣībatʹnāmah /
Statement of responsibility, etc. Farīd al-Dīn ʻAṭṭār Nīshābūrī ; Bi-ihtimām va taṣḥīḥ-i Nūrānī Viṣāl.
260 ## - PUBLICATION, DISTRIBUTION, ETC.
Place of publication, distribution, etc. Tihrān :
Name of publisher, distributor, etc. Kitābfurūshī Zavvār,
Date of publication, distribution, etc. 1338 [1959]
300 ## - PHYSICAL DESCRIPTION
Extent 48, 480 p. :
Other physical details facsims. ;
Dimensions 25 cm.
500 ## - GENERAL NOTE
General note Biographical sketches by the editor: p. [384]-448.
504 ## - BIBLIOGRAPHY, ETC. NOTE
Bibliography, etc. note Includes bibliographical references and index.
700 1# - ADDED ENTRY--PERSONAL NAME
Personal name Viṣāl, Nūrānī.

No items available.

Powered by Koha